| 000 | 01023nam a22003377a 4500 | ||
|---|---|---|---|
| 003 | CHAP | ||
| 005 | 20220329135431.0 | ||
| 008 | 971013s1956 r 00010 d | ||
| 010 | _a36373 | ||
| 011 | _a37345 | ||
| 035 | _a41465 | ||
| 040 | _cCHAP | ||
| 090 | _aFolleto 3253 | ||
| 100 | 0 | 0 |
_aOrsenigo, J. R. _983752 |
| 245 | _aRice investigations in Venezuela in 1954 | ||
| 260 |
_aNew York : _bIBEC Research Institute, _c1956 |
||
| 300 |
_a28 p. _b; gráfs. : ilus. |
||
| 490 |
_aBulletin _v; 8 |
||
| 590 |
_aBATCH-UPD _b10 _c20130110 _lUCH01 _h1940 |
||
| 590 |
_aBATCH-UPD _b10 _c20130410 _lUCH01 _h1304 |
||
| 590 |
_aBATCH-UPD _b10 _c20130914 _lUCH01 _h0409 |
||
| 590 |
_aCONVERSION _b10 _c20130109 _lUCH01 _h1320 |
||
| 650 | 1 | 4 |
_aArroz _xInvestigación. _97624 |
| 650 | 1 | 4 |
_aArroz _xIrrigación. _97627 |
| 650 | 1 | 4 |
_aArroz _xVenezuela. _97671 |
| 700 | 0 |
_aIBEC Research Institute. _957214 |
|
| 830 | 0 |
_aBulletin _v; 8 _916039 |
|
| 901 | _aBK | ||
| 942 | _cFOLL | ||
| 949 |
_aFolleto 3253 _bBC _cFOLL _d-95074 _eTS1 _i41465 _si |
||
| 999 |
_c36373 _d36373 |
||